An introduction to chaotic dynamical systems
Αποθηκεύτηκε σε:
| Κύριος συγγραφέας: | |
|---|---|
| Μορφή: | Βιβλίο |
| Γλώσσα: | Αγγλικά |
| Έκδοση: |
San Francisco
The Benjamin Cummings
1986
|
| Σειρά: | Global analisis series, pure and applied, 3
|
| Θέματα: | |
| Ετικέτες: |
Προσθήκη ετικέτας
Δεν υπάρχουν, Καταχωρήστε ετικέτα πρώτοι!
|
MARC
| LEADER | 00000nam a2200000 a 4500 | ||
|---|---|---|---|
| 001 | UCW8082 | ||
| 003 | CL-VaPUC | ||
| 008 | 880505e19860000us |||||||||||||||||eng|d | ||
| 020 | |a 0805316019 | ||
| 082 | 0 | 4 | |a 515.35 |b DEV |2 21 |
| 100 | 0 | |a Devaney, Robert L |e author |9 490665 | |
| 245 | 1 | 3 | |a An introduction to chaotic dynamical systems |
| 300 | |a 320 p | ||
| 942 | |c BK | ||
| 945 | |d 19880505 00:00:00 | ||
| 260 | |a San Francisco |b The Benjamin Cummings |c 1986 | ||
| 650 | 0 | |a Sistemas dinámicos diferenciales |9 263372 | |
| 583 | |a last modification |c 20171214 02:01:18 |k Rodrigo Vera | ||
| 490 | 0 | |a Global analisis series, pure and applied, 3 | |
| 999 | |c 312170 |d 312168 | ||
| 952 | |0 0 |1 0 |4 0 |6 515_350000000000000_DEV_1986 |7 0 |8 A |9 382071 |a BIBCUR |b BIBCUR |d 2019-11-21 |i 281286K |l 6 |m 1 |o 515.35 DEV 1986 |p 281286K |r 2025-04-22 |s 2023-05-11 |w 2019-11-21 |y BK |k FIS | ||